00640 a2200193 450000100060000002000150000604000240002110000210004524000430006624500380010930000070014736200090015444000120016365000260017594200070020195201050020895201160031399900170042947778 a8508096607 cAnchieta - Aquarius aAzevedo, Ricardo10aNinguém sabe o que é um poemalpor10aNinguém sabe o que é um poema a630 a2005 1aÁtica 4aLiteratura brasileira cBK 00104070a87.1b87.1d2023-11-21l0o869.93 AZE NINp6783/AQUr2023-11-21 15:14:42w2023-11-21yBK 00102udc4070a39.1b39.1d2024-07-26l0o028.5 A994np9134/CCPr2024-07-26 12:47:27tEx. 1w2024-07-26yBKu c47778d47778